000 00933nam a2200289Ia 4500
001 Para_6152
003 CHAP
008 220125s1981 xx 000 0 und d
010 _a204932
040 _cCHAP
090 _aPA FOLLETO 280
100 _aCastro Meléndez, Ovanel R.
_920399
245 _aTulancingo, nueva variedad temporalera de avena para Valles Altos /
_c por Ovanel R. Castro Meléndez y Carlos A. Jiménez González
260 _aMéxico :
_b INIA, CIAMEC
300 _a8 p.
440 _aFolleto técnico; 9
_9170874
650 _aAvena
_x variedades
_xMéxico
_9164404
700 _aJiménez González, Carlos A.
_961524
710 _aInstituto Nacional de Investigaciones Agrícolas (México). CIAMEC
_9169571
901 _aPA FOLLETO 280
902 _aA
905 _a0000001981 a 0000000000 00
910 _a1981
942 _cPARA
942 _cPARA
_d1
999 _c204932
_d204932